000 00468cam a2200181ua 4500
020 _c2.50
041 _amal
_h
082 _a894.812 308
_bCHA/AN
100 _aChandrashekharan Nair, Ettumanoor .
245 _aAnthyamalyam /
_cEttumanoor Chandrashekharan Nair.
_hTextual Documents
250 _a1 /
_b.
260 _aKonni :
_bVenus Press Book Depot ,
_c1965.
300 _a202 ; .
365 _a2.50
504 _a
942 _cBK
999 _c3918
_d3918